000
00279nam a22001337a 4500
008
171003b xxu||||| |||| 00| 0 eng d
020
_a
076783004955
041
_a
eng
080
_a
159.9
100
_a
48
101
_a
PSI
245
_a
MOODSWING
_c
FIEVE.R.R
942
_2
udc
_c
BK
999
_c
31527
_d
31527